[Event "DEM U16 2018"]
[Site "Willingen GER"]
[Date "2018.05.26"]
[Round "9"]
[White "Lange, Jannis"]
[Black "Köhler, Lukas"]
[Result "1/2-1/2"]
[Termination "normal"]
[Board "11"]
[WhiteElo "1919"]
[BlackElo "1852"]
[WhiteClock "00:02:55"]
[BlackClock "00:00:34"]
[PlyCount "70"]
[WhiteFideId "12993107"]
[BlackFideId "16221990"]
[EventCountry "GER"]
[EventRounds "9"]
[EventType "swiss"]
[EventDate "2018.05.19"]

1. e4 {[%clk 1:30:56]} 1... c6 {[%clk 1:30:54]} 2. d4 {[%clk 1:30:33]} 2... g6
{[%clk 1:31:12]} 3. c4 {[%clk 1:26:11]} 3... Bg7 {[%clk 1:28:39]} 4. Nc3 {
[%clk 1:26:17]} 4... d6 {[%clk 1:29:04]} 5. Nf3 {[%clk 1:24:27]} 5... Nd7 {
[%clk 1:28:38]} 6. Be2 {[%clk 1:23:55]} 6... Ngf6 {[%clk 1:26:16]} 7. O-O {
[%clk 1:23:25]} 7... O-O {[%clk 1:25:23]} 8. Re1 {[%clk 1:19:11]} 8... e5 {
[%clk 1:08:17]} 9. d5 {[%clk 1:10:58]} 9... cxd5 {[%clk 0:59:26]} 10. cxd5 {
[%clk 1:10:42]} 10... Ne8 {[%clk 0:52:08]} 11. Nd2 {[%clk 0:51:53]} 11... f5 {
[%clk 0:48:16]} 12. Nc4 {[%clk 0:49:02]} 12... f4 {[%clk 0:40:12]} 13. b3 {
[%clk 0:39:23]} 13... Ndf6 {[%clk 0:37:48]} 14. a4 {[%clk 0:36:08]} 14... Kh8 {
[%clk 0:33:43]} 15. Ba3 {[%clk 0:35:44]} 15... Rg8 {[%clk 0:33:59]} 16. f3 {
[%clk 0:34:56]} 16... Bf8 {[%clk 0:34:07]} 17. Qd2 {[%clk 0:24:55]} 17... g5 {
[%clk 0:32:43]} 18. Nd1 {[%clk 0:15:51]} 18... h5 {[%clk 0:31:42]} 19. Qa5 {
[%clk 0:11:06]} 19... b6 {[%clk 0:21:33]} 20. Qc3 {[%clk 0:11:30]} 20... Qd7 {
[%clk 0:19:27]} 21. Nd2 {[%clk 0:10:39]} 21... Qg7 {[%clk 0:18:23]} 22. a5 {
[%clk 0:06:04]} 22... g4 {[%clk 0:17:21]} 23. Bb4 {[%clk 0:06:01]} 23... bxa5 {
[%clk 0:10:34]} 24. Bxa5 {[%clk 0:05:46]} 24... Nh7 {[%clk 0:08:28]} 25. Bd8 {
[%clk 0:05:38]} 25... gxf3 {[%clk 0:07:49]} 26. Bxf3 {[%clk 0:06:00]} 26... Bh3
{[%clk 0:07:59]} 27. Kf2 {[%clk 0:05:19]} 27... Rxd8 {[%clk 0:06:43]} 28. gxh3
{[%clk 0:05:45]} 28... Ng5 {[%clk 0:06:56]} 29. Ke2 {[%clk 0:04:15]} 29... Nxf3
{[%clk 0:03:36]} 30. Qxf3 {[%clk 0:04:31]} 30... Nf6 {[%clk 0:02:07]} 31. Nf2 {
[%clk 0:04:25]} 31... Qb7 {[%clk 0:01:36]} 32. Rg1 {[%clk 0:04:20]} 32... Bh6 {
[%clk 0:01:02]} 33. Qd3 {[%clk 0:04:05]} 33... Qb6 {[%clk 0:00:33]} 34. Nc4 {
[%clk 0:03:49]} 34... Qc5 {[%clk 0:00:34]} 35. Kf3 {[%clk 0:02:55]} 35... Rb8
1/2-1/2

[Event "DEM U16 2018"]
[Site "Willingen GER"]
[Date "2018.05.26"]
[Round "9"]
[White "Mohammadi Nia, Borna"]
[Black "Hoffmann, Lennard"]
[Result "1-0"]
[Termination "normal"]
[Board "12"]
[WhiteElo "2029"]
[BlackElo "2013"]
[WhiteClock "00:21:27"]
[BlackClock "00:11:15"]
[PlyCount "211"]
[WhiteFideId "16207319"]
[BlackFideId "12943495"]
[EventCountry "GER"]
[EventRounds "9"]
[EventType "swiss"]
[EventDate "2018.05.19"]

1. e4 {[%clk 1:30:57]} 1... c5 {[%clk 1:30:57]} 2. Nf3 {[%clk 1:31:24]} 2... d6
{[%clk 1:31:23]} 3. d4 {[%clk 1:31:52]} 3... cxd4 {[%clk 1:31:49]} 4. Nxd4 {
[%clk 1:32:18]} 4... Nf6 {[%clk 1:32:15]} 5. Nc3 {[%clk 1:32:46]} 5... a6 {
[%clk 1:32:41]} 6. Bg5 {[%clk 1:33:14]} 6... Nbd7 {[%clk 1:33:02]} 7. Bc4 {
[%clk 1:33:40]} 7... e6 {[%clk 1:32:42]} 8. O-O {[%clk 1:33:37]} 8... Qb6 {
[%clk 1:29:33]} 9. Bb3 {[%clk 1:32:32]} 9... Nc5 {[%clk 1:26:31]} 10. Be3 {
[%clk 1:29:21]} 10... Be7 {[%clk 1:24:30]} 11. f4 {[%clk 1:24:57]} 11... O-O {
[%clk 1:15:20]} 12. Qf3 {[%clk 1:23:14]} 12... Qc7 {[%clk 1:14:14]} 13. Rae1 {
[%clk 1:20:24]} 13... b5 {[%clk 1:13:28]} 14. e5 {[%clk 1:17:54]} 14... Bb7 {
[%clk 1:05:15]} 15. Qg3 {[%clk 1:09:12]} 15... Nfe4 {[%clk 1:02:39]} 16. Nxe4 {
[%clk 1:05:39]} 16... Nxe4 {[%clk 1:02:51]} 17. Qg4 {[%clk 1:04:31]} 17... dxe5
{[%clk 0:58:06]} 18. fxe5 {[%clk 1:03:40]} 18... Qxe5 {[%clk 0:56:50]} 19. c3 {
[%clk 0:58:03]} 19... Nf6 {[%clk 0:55:38]} 20. Qh3 {[%clk 0:52:01]} 20... Qh5 {
[%clk 0:53:14]} 21. Qg3 {[%clk 0:42:24]} 21... Ne4 {[%clk 0:50:01]} 22. Qf3 {
[%clk 0:39:18]} 22... Qxf3 {[%clk 0:48:13]} 23. gxf3 {[%clk 0:37:26]} 23... Nd6
{[%clk 0:46:47]} 24. Bf4 {[%clk 0:31:19]} 24... Nc4 {[%clk 0:44:21]} 25. Re2 {
[%clk 0:29:26]} 25... h5 {[%clk 0:43:11]} 26. Rd1 {[%clk 0:29:00]} 26... h4 {
[%clk 0:35:08]} 27. a4 {[%clk 0:26:00]} 27... g5 {[%clk 0:32:43]} 28. Bc1 {
[%clk 0:25:48]} 28... Bc5 {[%clk 0:30:35]} 29. Bxc4 {[%clk 0:25:41]} 29... bxc4
{[%clk 0:30:47]} 30. Kf2 {[%clk 0:25:04]} 30... Rfe8 {[%clk 0:28:31]} 31. Re5 {
[%clk 0:23:27]} 31... Bxd4+ {[%clk 0:22:09]} 32. Rxd4 {[%clk 0:23:15]} 32... f6
{[%clk 0:22:23]} 33. Rc5 {[%clk 0:23:22]} 33... Bd5 {[%clk 0:22:13]} 34. h3 {
[%clk 0:19:24]} 34... Re7 {[%clk 0:20:08]} 35. f4 {[%clk 0:17:59]} 35... Rg7 {
[%clk 0:16:17]} 36. fxg5 {[%clk 0:17:30]} 36... fxg5 {[%clk 0:16:28]} 37. Rg4 {
[%clk 0:17:35]} 37... Rf8+ {[%clk 0:16:15]} 38. Ke1 {[%clk 0:15:46]} 38... Rf5
{[%clk 0:14:15]} 39. Be3 {[%clk 0:14:25]} 39... Kh7 {[%clk 0:10:08]} 40. Bd4 {
[%clk 0:07:15]} 40... Rg8 {[%clk 0:08:57]} 41. Be3 {[%clk 0:03:24]} 41... Kg6 {
[%clk 0:06:14]} 42. Kd2 {[%clk 0:02:43]} 42... Rb8 {[%clk 0:27:54]} 43. Kc1 {
[%clk 0:31:22]} 43... Re5 {[%clk 0:27:50]} 44. Bf4 {[%clk 0:31:12]} 44... Kf5 {
[%clk 0:25:06]} 45. Bxe5 {[%clk 0:31:36]} 45... Kxe5 {[%clk 0:25:30]} 46. Rc7 {
[%clk 0:30:04]} 46... Rf8 {[%clk 0:25:17]} 47. Rg7 {[%clk 0:28:00]} 47... Rf1+
{[%clk 0:25:27]} 48. Kc2 {[%clk 0:28:24]} 48... Be4+ {[%clk 0:25:53]} 49. Kd2 {
[%clk 0:28:49]} 49... Rf2+ {[%clk 0:23:17]} 50. Ke1 {[%clk 0:26:30]} 50... Rxb2
{[%clk 0:22:28]} 51. R7xg5+ {[%clk 0:26:52]} 51... Bf5 {[%clk 0:22:57]} 52.
Rxc4 {[%clk 0:26:03]} 52... Kf6 {[%clk 0:23:01]} 53. Rh5 {[%clk 0:25:10]} 53...
Bxh3 {[%clk 0:22:58]} 54. Rhxh4 {[%clk 0:24:07]} 54... Bg2 {[%clk 0:22:13]} 55.
Rb4 {[%clk 0:22:36]} 55... Rxb4 {[%clk 0:18:43]} 56. cxb4 {[%clk 0:21:21]}
56... Bc6 {[%clk 0:18:44]} 57. a5 {[%clk 0:21:43]} 57... Ke5 {[%clk 0:18:45]}
58. Rc4 {[%clk 0:22:07]} 58... Kd6 {[%clk 0:15:06]} 59. Kd2 {[%clk 0:22:25]}
59... Bb5 {[%clk 0:15:20]} 60. Rc5 {[%clk 0:22:43]} 60... Bf1 {[%clk 0:15:31]}
61. Ke3 {[%clk 0:22:24]} 61... Kd7 {[%clk 0:14:59]} 62. Kf4 {[%clk 0:22:25]}
62... Kd6 {[%clk 0:15:15]} 63. Kg5 {[%clk 0:22:14]} 63... e5 {[%clk 0:14:08]}
64. Kg4 {[%clk 0:20:36]} 64... e4 {[%clk 0:13:49]} 65. Kf4 {[%clk 0:21:05]}
65... Bd3 {[%clk 0:14:09]} 66. Ke3 {[%clk 0:21:32]} 66... Kd7 {[%clk 0:12:55]}
67. Kd4 {[%clk 0:21:04]} 67... Kd6 {[%clk 0:13:13]} 68. Rc3 {[%clk 0:21:22]}
68... Kd7 {[%clk 0:11:57]} 69. Rc1 {[%clk 0:21:26]} 69... Kd6 {[%clk 0:12:08]}
70. Rh1 {[%clk 0:21:35]} 70... Kc6 {[%clk 0:11:25]} 71. Rh5 {[%clk 0:21:59]}
71... Kd6 {[%clk 0:11:35]} 72. Rh6+ {[%clk 0:21:28]} 72... Kd7 {[%clk 0:11:36]}
73. Rb6 {[%clk 0:17:03]} 73... Kc7 {[%clk 0:11:52]} 74. Rh6 {[%clk 0:17:14]}
74... Kd7 {[%clk 0:12:19]} 75. Rh1 {[%clk 0:17:30]} 75... Kc6 {[%clk 0:12:25]}
76. Rh5 {[%clk 0:16:57]} 76... Kd6 {[%clk 0:12:45]} 77. Rc5 {[%clk 0:17:24]}
77... Kd7 {[%clk 0:12:12]} 78. Rc3 {[%clk 0:17:48]} 78... Kd6 {[%clk 0:12:16]}
79. b5 {[%clk 0:17:59]} 79... Bxb5 {[%clk 0:12:01]} 80. Kxe4 {[%clk 0:18:24]}
80... Bf1 {[%clk 0:11:32]} 81. Kd4 {[%clk 0:18:38]} 81... Bb5 {[%clk 0:11:50]}
82. Rh3 {[%clk 0:18:59]} 82... Kc6 {[%clk 0:11:09]} 83. Rh6+ {[%clk 0:19:25]}
83... Kd7 {[%clk 0:11:15]} 84. Kc5 {[%clk 0:19:46]} 84... Bf1 {[%clk 0:11:10]}
85. Kb6 {[%clk 0:20:05]} 85... Be2 {[%clk 0:11:26]} 86. Rh2 {[%clk 0:20:11]}
86... Bf1 {[%clk 0:11:06]} 87. Rd2+ {[%clk 0:20:28]} 87... Ke6 {[%clk 0:11:19]}
88. Kc7 {[%clk 0:20:05]} 88... Bb5 {[%clk 0:11:23]} 89. Kb6 {[%clk 0:18:57]}
89... Bf1 {[%clk 0:11:23]} 90. Kc5 {[%clk 0:18:37]} 90... Ke7 {[%clk 0:11:25]}
91. Kc6 {[%clk 0:18:32]} 91... Bb5+ {[%clk 0:11:42]} 92. Kd5 {[%clk 0:19:00]}
92... Bf1 {[%clk 0:11:10]} 93. Rb2 {[%clk 0:18:55]} 93... Bd3 {[%clk 0:10:58]}
94. Rb7+ {[%clk 0:19:18]} 94... Kf6 {[%clk 0:11:10]} 95. Kd6 {[%clk 0:19:00]}
95... Kf5 {[%clk 0:10:44]} 96. Re7 {[%clk 0:17:57]} 96... Kf6 {[%clk 0:10:52]}
97. Re3 {[%clk 0:18:23]} 97... Bb5 {[%clk 0:11:03]} 98. Kc5 {[%clk 0:18:45]}
98... Kf7 {[%clk 0:11:04]} 99. Kb6 {[%clk 0:19:01]} 99... Kf6 {[%clk 0:11:07]}
100. Kb7 {[%clk 0:19:24]} 100... Kf7 {[%clk 0:10:56]} 101. Rb3 {[%clk 0:19:32]}
101... Kg7 {[%clk 0:09:35]} 102. Rxb5 {[%clk 0:19:41]} 102... axb5 { [%clk
0:10:01]} 103. a6 {[%clk 0:20:09]} 103... b4 {[%clk 0:10:24]} 104. a7 { [%clk
0:20:36]} 104... b3 {[%clk 0:10:50]} 105. a8=Q {[%clk 0:21:01]} 105... b2
{[%clk 0:11:15]} 106. Qa2 {[%clk 0:21:27]} 1-0

[Event "DEM U16 2018"]
[Site "Willingen GER"]
[Date "2018.05.26"]
[Round "9"]
[White "Woithe, Daniel"]
[Black "Recktenwald, Cedric"]
[Result "1/2-1/2"]
[Termination "normal"]
[Board "13"]
[WhiteElo "1894"]
[BlackElo "1826"]
[WhiteClock "00:04:31"]
[BlackClock "00:17:53"]
[PlyCount "41"]
[WhiteFideId "16244648"]
[BlackFideId "12971928"]
[EventCountry "GER"]
[EventRounds "9"]
[EventType "swiss"]
[EventDate "2018.05.19"]

1. e4 {[%clk 1:30:59]} 1... c6 {[%clk 1:30:50]} 2. d4 {[%clk 1:31:25]} 2... d5
{[%clk 1:31:15]} 3. exd5 {[%clk 1:31:51]} 3... cxd5 {[%clk 1:31:32]} 4. Bd3 {
[%clk 1:32:15]} 4... Nc6 {[%clk 1:31:52]} 5. c3 {[%clk 1:32:40]} 5... Nf6 {
[%clk 1:32:17]} 6. Bf4 {[%clk 1:32:55]} 6... Bg4 {[%clk 1:32:22]} 7. Qb3 {
[%clk 1:32:23]} 7... e5 {[%clk 1:32:05]} 8. dxe5 {[%clk 1:20:19]} 8... Nh5 {
[%clk 1:30:05]} 9. Bg3 {[%clk 1:20:32]} 9... Nxg3 {[%clk 1:28:18]} 10. hxg3 {
[%clk 1:20:56]} 10... Nxe5 {[%clk 1:28:29]} 11. Bb5+ {[%clk 1:21:05]} 11... Nc6
{[%clk 1:25:21]} 12. Ne2 {[%clk 1:07:14]} 12... Bc5 {[%clk 1:18:05]} 13. O-O {
[%clk 1:01:15]} 13... O-O {[%clk 1:15:33]} 14. Nd2 {[%clk 0:53:58]} 14... Ne5 {
[%clk 1:02:35]} 15. Nd4 {[%clk 0:45:25]} 15... a6 {[%clk 0:50:25]} 16. Rfe1 {
[%clk 0:33:12]} 16... Nc6 {[%clk 0:37:49]} 17. Bxc6 {[%clk 0:14:11]} 17... bxc6
{[%clk 0:37:57]} 18. Nxc6 {[%clk 0:13:54]} 18... Bxf2+ {[%clk 0:22:41]} 19. Kf1
{[%clk 0:09:23]} 19... Qg5 {[%clk 0:20:21]} 20. Kxf2 {[%clk 0:04:31]} 20...
Qf6+ {[%clk 0:17:53]} 21. Nf3 1/2-1/2

[Event "DEM U16w 2018"]
[Site "Willingen GER"]
[Date "2018.05.20"]
[Round "1"]
[White "Berelowitsch, Dana"]
[Black "Schulze, Lara"]
[Result "0-1"]
[Termination "normal"]
[Board "1"]
[BlackTitle "WFM"]
[WhiteElo "1698"]
[BlackElo "2184"]
[WhiteClock "00:02:07"]
[BlackClock "00:19:17"]
[PlyCount "68"]
[WhiteFideId "12977144"]
[BlackFideId "12956830"]
[EventCountry "GER"]
[EventRounds "9"]
[EventType "swiss"]
[EventDate "2018.05.19"]

1. e4 {[%clk 1:30:58]} 1... c5 {[%clk 1:30:58]} 2. Nf3 {[%clk 1:31:20]} 2... d6
{[%clk 1:31:23]} 3. d4 {[%clk 1:31:45]} 3... cxd4 {[%clk 1:31:48]} 4. Nxd4 {
[%clk 1:32:10]} 4... Nf6 {[%clk 1:32:10]} 5. Nc3 {[%clk 1:32:32]} 5... Nc6 {
[%clk 1:32:35]} 6. Bg5 {[%clk 1:32:34]} 6... e6 {[%clk 1:32:58]} 7. Qd2 { [%clk
1:32:41]} 7... a6 {[%clk 1:33:20]} 8. O-O-O {[%clk 1:32:48]} 8... Bd7 { [%clk
1:33:42]} 9. f4 {[%clk 1:32:36]} 9... b5 {[%clk 1:34:05]} 10. Bxf6 { [%clk
1:26:30]} 10... gxf6 {[%clk 1:34:33]} 11. Kb1 {[%clk 1:24:40]} 11... Qb6 {[%clk
1:34:53]} 12. Nxc6 {[%clk 1:23:01]} 12... Bxc6 {[%clk 1:35:21]} 13. f5 { [%clk
1:20:33]} 13... Qc5 {[%clk 1:34:38]} 14. Bd3 {[%clk 1:10:27]} 14... h5 { [%clk
1:34:45]} 15. Rhf1 {[%clk 1:06:55]} 15... b4 {[%clk 1:27:58]} 16. Ne2 { [%clk
1:05:53]} 16... Bh6 {[%clk 1:28:08]} 17. Qe1 {[%clk 1:05:52]} 17... e5 { [%clk
1:28:03]} 18. Rf3 {[%clk 0:43:52]} 18... Ke7 {[%clk 1:22:23]} 19. Ng3 { [%clk
0:41:29]} 19... h4 {[%clk 1:11:46]} 20. Nf1 {[%clk 0:40:41]} 20... Bg5 { [%clk
1:09:34]} 21. Ne3 {[%clk 0:24:27]} 21... a5 {[%clk 1:07:29]} 22. b3 { [%clk
0:18:05]} 22... Rhg8 {[%clk 0:50:26]} 23. Nf1 {[%clk 0:12:16]} 23... Rgd8
{[%clk 0:34:38]} 24. Bc4 {[%clk 0:10:16]} 24... d5 {[%clk 0:28:20]} 25. exd5 {
[%clk 0:10:09]} 25... Bxd5 {[%clk 0:28:48]} 26. Bxd5 {[%clk 0:10:03]} 26...
Rxd5 {[%clk 0:29:15]} 27. Rfd3 {[%clk 0:09:07]} 27... Rad8 {[%clk 0:25:28]} 28.
Rxd5 {[%clk 0:05:06]} 28... Rxd5 {[%clk 0:25:56]} 29. Nd2 {[%clk 0:04:27]}
29... Qd4 {[%clk 0:23:44]} 30. g4 {[%clk 0:02:06]} 30... hxg3 {[%clk 0:19:57]}
31. Qxg3 {[%clk 0:02:14]} 31... Bxd2 {[%clk 0:19:36]} 32. h4 {[%clk 0:02:04]}
32... Qa1+ {[%clk 0:18:19]} 33. Kxa1 {[%clk 0:02:04]} 33... Bc3+ { [%clk
0:18:48]} 34. Qxc3 {[%clk 0:02:07]} 34... Rxd1+ {[%clk 0:19:17]} 0-1

[Event "DEM U16w 2018"]
[Site "Willingen GER"]
[Date "2018.05.20"]
[Round "1"]
[White "Müdder, Melanie"]
[Black "Naumenko, Valerija"]
[Result "1-0"]
[Termination "normal"]
[Board "2"]
[WhiteElo "1871"]
[BlackElo "1611"]
[WhiteClock "00:42:04"]
[BlackClock "00:26:07"]
[PlyCount "31"]
[WhiteFideId "12994103"]
[BlackFideId "16222890"]
[EventCountry "GER"]
[EventRounds "9"]
[EventType "swiss"]
[EventDate "2018.05.19"]

1. e4 {[%clk 1:30:58]} 1... e5 {[%clk 1:30:57]} 2. Nf3 {[%clk 1:31:21]} 2...
Nc6 {[%clk 1:31:22]} 3. d4 {[%clk 1:31:39]} 3... exd4 {[%clk 1:31:47]} 4. Nxd4
{[%clk 1:31:56]} 4... Bb4+ {[%clk 1:31:52]} 5. c3 {[%clk 1:31:57]} 5... Bc5 {
[%clk 1:32:17]} 6. Be3 {[%clk 1:31:40]} 6... Bb6 {[%clk 1:32:36]} 7. Nf5 {
[%clk 1:28:58]} 7... Bxe3 {[%clk 1:31:41]} 8. Nxe3 {[%clk 1:28:46]} 8... Nge7 {
[%clk 1:31:28]} 9. Bc4 {[%clk 1:21:26]} 9... O-O {[%clk 1:30:05]} 10. O-O {
[%clk 1:20:52]} 10... d6 {[%clk 1:21:12]} 11. f4 {[%clk 1:10:18]} 11... Kh8 {
[%clk 1:13:22]} 12. f5 {[%clk 1:04:28]} 12... f6 {[%clk 1:08:15]} 13. Rf4 {
[%clk 0:55:09]} 13... Ne5 {[%clk 1:02:53]} 14. Bb3 {[%clk 0:52:04]} 14... Bd7 {
[%clk 0:38:33]} 15. Qh5 {[%clk 0:45:39]} 15... Qe8 {[%clk 0:26:07]} 16. Qxh7+ {
[%clk 0:42:04]} 1-0

[Event "DEM U16w 2018"]
[Site "Willingen GER"]
[Date "2018.05.20"]
[Round "1"]
[White "Fock, Amina"]
[Black "Mönster, Madita"]
[Result "0-1"]
[Termination "normal"]
[Board "3"]
[WhiteElo "1789"]
[BlackElo "1857"]
[WhiteClock "00:12:42"]
[BlackClock "00:02:05"]
[PlyCount "68"]
[WhiteFideId "12981982"]
[BlackFideId "12947156"]
[EventCountry "GER"]
[EventRounds "9"]
[EventType "swiss"]
[EventDate "2018.05.19"]

1. e4 {[%clk 1:30:57]} 1... c5 {[%clk 1:30:51]} 2. Nf3 {[%clk 1:31:20]} 2... d6
{[%clk 1:31:10]} 3. d4 {[%clk 1:31:43]} 3... cxd4 {[%clk 1:31:31]} 4. Nxd4 {
[%clk 1:32:06]} 4... Nf6 {[%clk 1:31:48]} 5. f3 {[%clk 1:32:21]} 5... e5 {
[%clk 1:31:43]} 6. Nb3 {[%clk 1:29:40]} 6... Be6 {[%clk 1:31:11]} 7. c4 { [%clk
1:28:27]} 7... Nbd7 {[%clk 1:30:13]} 8. Be3 {[%clk 1:24:53]} 8... Rc8 { [%clk
1:29:24]} 9. Na3 {[%clk 1:17:21]} 9... a6 {[%clk 1:29:05]} 10. Be2 { [%clk
1:16:36]} 10... Be7 {[%clk 1:29:07]} 11. O-O {[%clk 1:15:50]} 11... O-O { [%clk
1:29:11]} 12. Rc1 {[%clk 1:14:39]} 12... Ne8 {[%clk 1:23:27]} 13. Nd2 { [%clk
1:05:54]} 13... f5 {[%clk 1:15:17]} 14. Kh1 {[%clk 0:58:15]} 14... Nef6 { [%clk
0:54:44]} 15. exf5 {[%clk 0:48:08]} 15... Bxf5 {[%clk 0:54:07]} 16. b4 { [%clk
0:43:00]} 16... Kh8 {[%clk 0:50:44]} 17. Nb3 {[%clk 0:40:16]} 17... d5 { [%clk
0:35:15]} 18. cxd5 {[%clk 0:33:44]} 18... Bxb4 {[%clk 0:34:45]} 19. Rxc8 {[%clk
0:33:06]} 19... Qxc8 {[%clk 0:35:06]} 20. Nc4 {[%clk 0:32:40]} 20... b5 {[%clk
0:33:21]} 21. Nb6 {[%clk 0:30:09]} 21... Nxb6 {[%clk 0:32:37]} 22. Bxb6 {[%clk
0:30:33]} 22... Bc2 {[%clk 0:30:03]} 23. Qc1 {[%clk 0:29:03]} 23... Nxd5 {[%clk
0:29:01]} 24. Bf2 {[%clk 0:27:42]} 24... Nf4 {[%clk 0:18:18]} 25. Qe3 { [%clk
0:26:20]} 25... Qf5 {[%clk 0:16:00]} 26. Bd1 {[%clk 0:25:29]} 26... Bd3 { [%clk
0:13:35]} 27. Rg1 {[%clk 0:25:39]} 27... Rc8 {[%clk 0:11:12]} 28. Be1 { [%clk
0:24:29]} 28... Be7 {[%clk 0:06:18]} 29. g3 {[%clk 0:22:17]} 29... Nd5 { [%clk
0:05:32]} 30. Qf2 {[%clk 0:20:11]} 30... Bd8 {[%clk 0:04:18]} 31. Ba5 { [%clk
0:13:14]} 31... Bxa5 {[%clk 0:03:27]} 32. Nxa5 {[%clk 0:13:38]} 32... e4 {[%clk
0:03:15]} 33. Re1 {[%clk 0:12:25]} 33... e3 {[%clk 0:02:39]} 34. Qb2 { [%clk
0:12:42]} 34... Nc3 {[%clk 0:02:05]} 0-1

[Event "DEM U16w 2018"]
[Site "Willingen GER"]
[Date "2018.05.20"]
[Round "1"]
[White "Bui, Ngoc Han Julia"]
[Black "Schiewe, Nadin"]
[Result "1-0"]
[Termination "normal"]
[Board "4"]
[WhiteElo "1859"]
[BlackElo "1598"]
[WhiteClock "00:47:38"]
[BlackClock "00:42:31"]
[PlyCount "45"]
[WhiteFideId "12977055"]
[BlackFideId "16209079"]
[EventCountry "GER"]
[EventRounds "9"]
[EventType "swiss"]
[EventDate "2018.05.19"]

1. e4 {[%clk 1:30:57]} 1... d5 {[%clk 1:30:51]} 2. exd5 {[%clk 1:31:21]} 2...
Qxd5 {[%clk 1:31:13]} 3. Nc3 {[%clk 1:31:41]} 3... Qa5 {[%clk 1:31:25]} 4. d4 {
[%clk 1:32:02]} 4... c6 {[%clk 1:31:33]} 5. Bc4 {[%clk 1:32:14]} 5... Nf6 {
[%clk 1:31:34]} 6. Bd2 {[%clk 1:31:38]} 6... Qc7 {[%clk 1:31:43]} 7. Qe2 {
[%clk 1:31:35]} 7... Bf5 {[%clk 1:30:40]} 8. O-O-O {[%clk 1:30:59]} 8... Nbd7 {
[%clk 1:27:59]} 9. Nf3 {[%clk 1:27:52]} 9... Nb6 {[%clk 1:23:14]} 10. Bb3 {
[%clk 1:22:36]} 10... e6 {[%clk 1:22:02]} 11. Ne5 {[%clk 1:14:51]} 11... Bd6 {
[%clk 1:19:50]} 12. g4 {[%clk 1:12:23]} 12... Bg6 {[%clk 1:17:37]} 13. h4 {
[%clk 1:11:29]} 13... Nbd5 {[%clk 1:13:56]} 14. f3 {[%clk 1:04:31]} 14... h6 {
[%clk 1:01:51]} 15. Nxg6 {[%clk 1:02:58]} 15... fxg6 {[%clk 0:58:47]} 16. Nxd5
{[%clk 1:01:45]} 16... cxd5 {[%clk 0:56:30]} 17. Qxe6+ {[%clk 1:00:05]} 17...
Qe7 {[%clk 0:54:28]} 18. Ba4+ {[%clk 0:56:00]} 18... Kd8 {[%clk 0:51:55]} 19.
Rde1 {[%clk 0:50:13]} 19... Qxe6 {[%clk 0:48:33]} 20. Rxe6 {[%clk 0:50:28]}
20... Kc7 {[%clk 0:48:35]} 21. Rhe1 {[%clk 0:48:46]} 21... Rhf8 {[%clk 0:43:13]
} 22. Rxd6 {[%clk 0:47:32]} 22... Kxd6 {[%clk 0:42:31]} 23. Bf4# { [%clk
0:47:38]} 1-0

[Event "DEM U16w 2018"]
[Site "Willingen GER"]
[Date "2018.05.20"]
[Round "1"]
[White "Mundt, Alexandra"]
[Black "Kobald, Jacqueline"]
[Result "0-1"]
[Termination "normal"]
[Board "5"]
[WhiteElo "1578"]
[BlackElo "1692"]
[WhiteClock "00:00:57"]
[BlackClock "00:03:08"]
[PlyCount "76"]
[WhiteFideId "16217276"]
[BlackFideId "12988162"]
[EventCountry "GER"]
[EventRounds "9"]
[EventType "swiss"]
[EventDate "2018.05.19"]

1. e4 {[%clk 1:30:58]} 1... c5 {[%clk 1:30:53]} 2. d4 {[%clk 1:31:23]} 2...
cxd4 {[%clk 1:30:55]} 3. c3 {[%clk 1:31:48]} 3... Nf6 {[%clk 1:28:09]} 4. e5 {
[%clk 1:30:06]} 4... Nd5 {[%clk 1:28:32]} 5. cxd4 {[%clk 1:30:24]} 5... b6 {
[%clk 1:27:48]} 6. Bc4 {[%clk 1:24:51]} 6... Bb7 {[%clk 1:27:22]} 7. Nf3 {
[%clk 1:24:23]} 7... e6 {[%clk 1:24:03]} 8. O-O {[%clk 1:18:06]} 8... Be7 {
[%clk 1:21:54]} 9. Nbd2 {[%clk 1:13:42]} 9... Nf4 {[%clk 0:55:50]} 10. Re1 {
[%clk 1:01:19]} 10... Qc7 {[%clk 0:45:33]} 11. Bf1 {[%clk 0:56:06]} 11... d6 {
[%clk 0:37:11]} 12. Ne4 {[%clk 0:47:24]} 12... Ng6 {[%clk 0:33:26]} 13. Bb5+ {
[%clk 0:38:09]} 13... Nd7 {[%clk 0:24:56]} 14. exd6 {[%clk 0:36:51]} 14... Bxd6
{[%clk 0:24:05]} 15. Nxd6+ {[%clk 0:36:10]} 15... Qxd6 {[%clk 0:24:33]} 16. Ne5
{[%clk 0:30:09]} 16... Ngxe5 {[%clk 0:21:56]} 17. dxe5 {[%clk 0:30:33]} 17...
Qd5 {[%clk 0:22:19]} 18. Qxd5 {[%clk 0:29:03]} 18... Bxd5 {[%clk 0:22:17]} 19.
Be3 {[%clk 0:28:58]} 19... O-O-O {[%clk 0:17:52]} 20. Bg5 {[%clk 0:25:00]}
20... f6 {[%clk 0:17:38]} 21. Bxd7+ {[%clk 0:22:48]} 21... Rxd7 {[%clk 0:17:36]
} 22. exf6 {[%clk 0:23:12]} 22... gxf6 {[%clk 0:17:42]} 23. Bxf6 { [%clk
0:23:36]} 23... Rg8 {[%clk 0:17:57]} 24. g3 {[%clk 0:23:37]} 24... Rf7 { [%clk
0:18:00]} 25. Be5 {[%clk 0:23:06]} 25... h5 {[%clk 0:16:56]} 26. h4 { [%clk
0:21:33]} 26... Rgf8 {[%clk 0:16:05]} 27. Re2 {[%clk 0:17:16]} 27... Kb7 28. a3
{[%clk 0:13:04]} 28... Rc8 {[%clk 0:15:15]} 29. Re3 {[%clk 0:11:40]} 29... Rc2
{[%clk 0:15:00]} 30. f4 {[%clk 0:09:14]} 30... Rd7 {[%clk 0:10:23]} 31. Bc3
{[%clk 0:03:00]} 31... Rd8 {[%clk 0:07:43]} 32. Re5 {[%clk 0:01:32]} 32... Rg2+
{[%clk 0:06:58]} 33. Kf1 {[%clk 0:01:33]} 33... Rxg3 {[%clk 0:05:55] } 34. Rxh5
{[%clk 0:01:22]} 34... Bc6 {[%clk 0:05:39]} 35. Rh7+ {[%clk 0:01:09] } 35...
Ka6 {[%clk 0:04:40]} 36. Be5 {[%clk 0:00:44]} 36... Rd2 {[%clk 0:03:00] } 37.
Rc1 {[%clk 0:00:44]} 37... Bb5+ {[%clk 0:02:44]} 38. Ke1 {[%clk 0:00:57]} 38...
Re2+ {[%clk 0:03:08]} 0-1